Normal view
MARC view
- Pfleeger, Charles P.
Entry Personal Name
001 - CONTROL NUMBER
- control field: 95108
003 - CONTROL NUMBER IDENTIFIER
- control field: NUST
005 - DATE AND TIME OF LATEST TRANSACTION
- control field: 20220726093958.0
008 - FIXED-LENGTH DATA ELEMENTS
- fixed length control field: 220726|| aca||aabn | a|a d
040 ## - CATALOGING SOURCE
- Original cataloging agency: NUST
- Transcribing agency: NUST
100 ## - HEADING--PERSONAL NAME
- Personal name: Pfleeger, Charles P.
670 ## - SOURCE DATA FOUND
- Source citation: Work cat.: (NUST)175307: Pfleeger, Charles P.,, Security in computing /, 2011
